Draf pelan struktur Kuala Lumpur 2020 : penilaian peranan Dewan Bandaraya Kuala Lumpur dalam pembangunan Kampung Baru /
محفوظ في:
| المؤلف الرئيسي: | |
|---|---|
| التنسيق: | أطروحة كتاب |
| اللغة: | Malay |
| منشور في: |
2004.
|
| الموضوعات: | |
| الوصول للمادة أونلاين: | http://studentsrepo.um.edu.my/id/eprint/2429 |
| الوسوم: |
إضافة وسم
لا توجد وسوم, كن أول من يضع وسما على هذه التسجيلة!
|
| LEADER | 01064cam a2200253 a 4500 | ||
|---|---|---|---|
| 001 | u717209 | ||
| 003 | SIRSI | ||
| 008 | 060123s2004 my a t 000 0 may m | ||
| 040 | |a UMM | ||
| 043 | |a a-my-wp | ||
| 090 | |a JF1338 |b UM 2005 Mohfm | ||
| 100 | 0 | 0 | |a Mohamad Firdaus Mustafar |
| 245 | 1 | 0 | |a Draf pelan struktur Kuala Lumpur 2020 : |b penilaian peranan Dewan Bandaraya Kuala Lumpur dalam pembangunan Kampung Baru / |c Mohamad Firdaus Mustafar. |
| 260 | |c 2004. | ||
| 300 | |a xv, 129 leaves : |b ill. ; |c 30 cm. | ||
| 502 | |a Dissertation (M.P.A.) -- Fakulti Ekonomi dan Pentadbiran, Universiti Malaya, 2005. | ||
| 504 | |a Includes bibliographical references. | ||
| 610 | 1 | 0 | |a Kuala Lumpur. |b Dewan Bandaraya. |
| 650 | 0 | |a City planning |z Kuala Lumpur (W.P.). | |
| 650 | 0 | |a Urban renewal |z Kuala Lumpur (W.P.). | |
| 710 | 2 | 0 | |a Universiti Malaya. |b Fakulti Ekonomi dan Pentadbiran. |
| 856 | 4 | 1 | |u http://studentsrepo.um.edu.my/id/eprint/2429 |
| 596 | |a 1 | ||
| 999 | |a JF1338 UM 2005 MOHFM |w LC |c 1 |i A512499997 |d 21/9/2016 |e 21/9/2016 |f 1/3/2006 |g 1 |l STACKS |m P01UTAMA |n 23 |r Y |s Y |t TESIS |u 24/2/2006 | ||
